[Event "Match"]
[Site "www.echecsemail.com"]
[Date "2015.07.20"]
[Round "1"]
[White "Calponas"]
[Black "Generalfree"]
[WhiteElo "1990"]
[BlackElo "1820"]
[Result "1-0"]
[Round "1"]
1.e4 Nb8c6
2.d4 d5
3.Nb1c3 dxe4
4.d5 Nc6e5
5.Qd1d4 f6
6.Qd4xe4 g6
7.Bf1b5 Bc8d7
8.a4 Bd7xb5
9.axb5 a6
10.Bc1f4 Qd8d6
11.Ng1e2 g5
12.Bf4g3 h5
13.bxa6 bxa6
14.O-O-O Ra8b8
15.Qe4a4 Kf7
16.Ne2d4 Qd6b6
17.b3 h4
18.Bg3xe5 fxe5
19.Nd4e6 Bf8h6
20.h3 Ng8f6
21.g3 Qb6xf2
22.gxh4 Qf2e3
23.Kb2 gxh4
24.Rh1e1 Qe3xh3
25.Re1xe5 Rb8b6
26.Re5e1 Rh8g8
27.Qa4c4 Rg8c8
28.d6 Ke8
29.d7 Nf6xd7
30.Ne6c5 Qh3g3
31.Nc5xd7 Rb6g6
32.Nd7e5 Rg6g5
33.Qc4f7 { resign }
1-0

[Event "Match"]
[Site "www.echecsemail.com"]
[Date "2015.07.20"]
[Round "1"]
[White "Drharislacan"]
[Black "Liencam2"]
[WhiteElo "1699"]
[BlackElo "2290"]
[Result "0-1"]
[Round "1"]
1.e4 c5
2.Ng1f3 e6
3.d4 cxd4
4.Nf3xd4 a6
5.Nb1c3 Qd8c7
6.h3 Ng8f6
7.Nd4xe6 dxe6
8.e5 Qc7xe5
9.Qd1e2 Qe5xe2
10.Nc3xe2 Bf8c5
11.f3 Nb8c6
12.Rh1h2 e5
13.Ne2f4 exf4
14.Bf1xa6 Ra8xa6
15.Bc1xf4 Nc6d4
16.Bf4c7 Nd4xc2
17.Kd1 Nc2xa1
 { time }
0-1

[Event "Match"]
[Site "www.echecsemail.com"]
[Date "2015.07.20"]
[Round "1"]
[White "Drharislacan"]
[Black "Falcoale"]
[WhiteElo "1699"]
[BlackElo "1850"]
[Result "0-1"]
[Round "1"]
1.e4 c5
2.Ng1f3 Nb8c6
3.d4 cxd4
4.Nf3xd4 a6
5.c4 e6
6.Nb1c3 Bf8b4
7.Nd4xc6 bxc6
8.Qd1d4 Ng8f6
9.Qd4d6 Bb4xd6
10.e5 Bd6xe5
 { time }
0-1

[Event "Match"]
[Site "www.echecsemail.com"]
[Date "2015.07.20"]
[Round "1"]
[White "Generalfree"]
[Black "Whitekknight"]
[WhiteElo "1820"]
[BlackElo "1880"]
[Result "0-1"]
[Round "1"]
1.d4 d5
2.Nb1c3 Ng8f6
3.Bc1f4 a6
4.e3 e6
5.a3 Bf8d6
6.Bf4xd6 Qd8xd6
7.g3 Nb8c6
8.Bf1g2 O-O
9.f4 Qd6e7
10.g4 h6
11.h4 Nf6h7
12.g5 hxg5
13.hxg5 g6
14.Qd1g4 f5
15.gxf6 Rf8xf6
16.Ng1f3 e5
17.Qg4h4 Rf6f7
18.Nc3xd5 Qe7xh4
19.Nf3xh4 exd4
20.Nh4xg6 Kg7
21.Ng6h4 Bc8e6
22.Rh1g1 Kf8
23.Nh4g6 Ke8
24.e4 Be6xd5
25.exd5 Nc6e7
26.Ng6xe7 Rf7xe7
27.Kd2 Re7f7
28.Ra1e1 Kd7
29.Re1e4 Nh7f6
30.Re4xd4 Ra8h8
31.Kc3 Kd6
32.Bg2f3 Rh8h3
33.Rg1f1 Nf6h5
34.Kd2 Nh5xf4
35.Bf3g4 Rh3h2
36.Kd1 Ke5
37.c3 Rf7f6
38.Rf1e1 Kd6
39.c4 Rh2xb2
40.Re1f1 Rb2b1
41.Kc2 Rb1xf1
42.Bg4c8 Nf4e2
43.Rd4e4 Ne2g3
44.Re4e6 Rf6xe6
45.dxe6 Ng3f5
{ resign }
0-1

[Event "Match"]
[Site "www.echecsemail.com"]
[Date "2015.07.20"]
[Round "1"]
[White "Calponas"]
[Black "Tbsundar"]
[WhiteElo "2040"]
[BlackElo "2060"]
[Result "0-1"]
[Round "1"]
1.e4 e5
2.Ng1f3 Nb8c6
3.Bf1b5 a6
4.Bb5a4 b5
5.Ba4b3 Bf8c5
6.c3 d6
7.h3 Ng8f6
8.Qd1e2 O-O
9.O-O Nf6h5
10.g3 Nh5xg3
11.Qe2e1 Bc8xh3
12.Kh2 Bh3xf1
13.Kxg3 Bf1d3
14.Nb1a3 Qd8f6
15.Bb3d5 Qf6f4
16.Kg2 Qf4g4
{ resign }
0-1

[Event "Match"]
[Site "www.echecsemail.com"]
[Date "2015.07.20"]
[Round "1"]
[White "Norbos"]
[Black "Raulazo"]
[WhiteElo "1600"]
[BlackElo "1589"]
[Result "0-1"]
[Round "1"]
1.e4 e5
2.d3 Ng8f6
3.Ng1f3 Nb8c6
4.Nb1c3 Bf8b4
5.a3 Bb4c5
6.Bc1e3 Bc5xe3
7.fxe3 Nf6g4
8.Qd1e2 d6
9.h3 Ng4f6
10.Nc3d5 Nf6xd5
11.O-O-O a5
12.exd5 Nc6e7
13.e4 b5
14.d4 Bc8d7
15.g4 Ra8b8
16.dxe5 O-O
17.exd6 cxd6
18.h4 Bd7xg4
19.Rh1g1 Qd8d7
20.Qe2e3 Rf8e8
21.Qe3f4 Bg4xf3
22.Qf4xf3 Qd7a7
23.Qf3f6 Qa7xg1
24.Qf6xd6 Qg1e3
25.Rd1d2 Qe3e1
26.Rd2d1 Qe1e3
27.Rd1d2 Qe3g1
28.Qd6f4 Rb8b6
29.Rd2d1 Qg1c5
30.Qf4d2 b4
31.a4 b3
32.Bf1d3 Re8c8
33.c3 Rb6f6
34.Bd3e2 Qc5d6
35.Qd2d4 Rf6f4
36.Rd1g1 f6
37.e5 Rf4xd4
38.exd6 Ne7xd5
39.Be2g4 Rc8c5
40.Bg4e6 Kf8
41.Rg1e1 Nd5f4
42.Kb1 Rd4xd6
43.Be6f5 Rc5xf5
44.Re1e3 Rd6d1
{ resign }
0-1

[Event "Match"]
[Site "www.echecsemail.com"]
[Date "2015.07.20"]
[Round "1"]
[White "Manolinex"]
[Black "Conde7"]
[WhiteElo "2730"]
[BlackElo "2850"]
[Result "1/2-1/2"]
[Round "1"]
1.e4 c6
2.Nb1c3 d5
3.d4 dxe4
4.Nc3xe4 Nb8d7
5.Ne4g5 Ng8f6
6.Bf1d3 e6
7.Ng1f3 Bf8d6
8.Qd1e2 h6
9.Ng5e4 Nf6xe4
10.Qe2xe4 Nd7f6
11.Qe4h4 Ke7
12.Nf3e5 Bd6xe5
13.dxe5 Qd8a5
14.Bc1d2 Qa5xe5
15.Bd2e3 b6
16.O-O Rh8d8
17.b3 Bc8b7
18.Ra1e1 Qe5h5
19.Qh4g3 Qh5g4
20.Qg3c7 Rd8d7
21.Qc7e5 Qg4h5
22.Qe5g3 Kf8
23.h3 Qh5d5
24.Bd3c4 Qd5a5
25.Re1d1 Ra8d8
26.Rd1xd7 Rd8xd7
27.Qg3b8 Nf6e8
28.Bc4e2 c5
29.a4 Bb7a6
30.c4 Ba6b7
31.Kh2 Bb7c6
32.Qb8c8 Rd7c7
33.Qc8b8 Qa5a6
34.a5 Qa6b7
35.Qb8xb7 Rc7xb7
36.axb6 axb6
37.Rf1b1 Ne8d6
38.g4 Nd6e4
39.Be2f3 Rb7c7
40.Rb1a1 Ke7
41.Be3f4 Ne4d6
42.Ra1d1 Bc6xf3
43.Bf4xd6 Ke8
{ draw }
1/2-1/2

[Event "Match"]
[Site "www.echecsemail.com"]
[Date "2015.07.20"]
[Round "1"]
[White "Wildtiger"]
[Black "Norbos"]
[WhiteElo "1620"]
[BlackElo "1600"]
[Result "1-0"]
[Round "1"]
1.e4 e5
2.Ng1f3 d6
3.Nf3g5 Qd8xg5
4.Nb1c3 Ng8f6
5.f3 Nf6h5
6.d4 Qg5f6
7.Nc3d5 Qf6e6
8.Nd5xc7 { resign }
1-0

[Event "Match"]
[Site "www.echecsemail.com"]
[Date "2015.07.20"]
[Round "1"]
[White "Crush"]
[Black "Scur"]
[WhiteElo "1650"]
[BlackElo "1599"]
[Result "0-1"]
[Round "1"]
1.e4 c5
2.c3 d5
3.exd5 Qd8xd5
4.Ng1f3 Ng8f6
5.d4 Bc8f5
6.Nb1d2 e6
7.Bf1c4 Qd5d6
8.O-O Bf8e7
9.Bc4b5 Nb8c6
10.Nd2c4 Qd6d5
11.Rf1e1 a6
12.Nc4b6 Qd5d8
13.Nb6xa8 axb5
14.Bc1f4 Qd8xa8
15.dxc5 Be7xc5
16.Bf4g5 Nf6e4
17.Bg5h4 O-O
18.Nf3g5 Bc5e7
19.Qd1h5 Ne4xg5
20.Bh4xg5 Bf5g6
21.Qh5h4 f6
22.Bg5f4 e5
23.Bf4d2 Qa8a4
24.Qh4xa4 bxa4
25.f4 Be7c5
26.Kh1 Rf8d8
27.Ra1d1 Bg6c2
28.Rd1c1 Rd8xd2
29.h3 Bc5f2
30.Re1f1 Bf2g3
31.fxe5 Nc6xe5
32.b3 Ne5d3
33.Rc1a1 Nd3f2
34.Kg1 Nf2xh3
35.gxh3 Bg3h2
36.Kh1 Bc2e4
{ resign }
0-1

[Event "Match"]
[Site "www.echecsemail.com"]
[Date "2015.07.20"]
[Round "1"]
[White "Nimzo"]
[Black "Ostapbender"]
[WhiteElo "2690"]
[BlackElo "2660"]
[Result "1-0"]
[Round "1"]
1.d4 d5
2.c4 e6
3.Nb1c3 Ng8f6
4.cxd5 exd5
5.Bc1g5 Nb8d7
6.e3 h6
7.Bg5f4 c6
8.Bf1d3 Nd7b6
9.Ng1f3 Bc8g4
10.Qd1c2 Bg4xf3
11.gxf3 Bf8d6
12.Bf4xd6 Qd8xd6
13.O-O g6
14.Nc3e2 Nf6h5
15.Kh1 Nb6c8
16.Rf1g1 Nh5g7
17.Ne2f4 g5
18.Nf4e2 Qd6f6
19.f4 Nc8d6
20.b4 a6
21.a4 Ng7e6
22.f3 gxf4
23.e4 dxe4
24.fxe4 f3
25.e5 Qf6h4
26.Ne2g3 Nd6c8
27.Ng3e4 Kd8
28.Ra1d1 Nc8b6
29.b5 axb5
30.axb5 Ra8c8
31.Ne4d6 { resign }
1-0

[Event "Match"]
[Site "www.echecsemail.com"]
[Date "2015.07.20"]
[Round "1"]
[White "Gambitchess"]
[Black "Mdesouza"]
[WhiteElo "1730"]
[BlackElo "2190"]
[Result "1-0"]
[Round "1"]
1.d4 Ng8f6
2.c4 g6
3.g3 Bf8g7
4.Bf1g2 O-O
5.Nb1c3 d6
6.e4 e5
7.d5 Nb8d7
8.Ng1e2 a5
9.O-O Nd7c5
10.Qd1c2 Nf6h5
11.f4 Bc8g4
12.fxe5 Bg7xe5
13.Bc1e3 f5
14.exf5 Bg4xf5
15.Qc2d2 Nc5d7
16.Ne2d4 Nh5g7
17.Nd4xf5 Ng7xf5
18.Be3g5 Be5xc3
19.bxc3 Qd8c8
20.g4 Nf5g7
21.Rf1xf8 Qc8xf8
22.Ra1f1 Qf8c8
23.h3 b6
24.Bg5h6 Qc8a6
25.Qd2g5 Qa6xc4
26.Qg5e7 Qc4xc3
27.Rf1f7 Qc3a1
28.Kh2 Qa1e5
29.Qe7xe5 Nd7xe5
30.Rf7xg7 Kh8
31.Rg7xc7 Ra8b8
32.Bh6g7 Kg8
33.Bg7xe5 dxe5
34.d6 { resign }
1-0

[Event "Match"]
[Site "www.echecsemail.com"]
[Date "2015.07.20"]
[Round "1"]
[White "Hardland"]
[Black "F14"]
[WhiteElo "1730"]
[BlackElo "1850"]
[Result "1-0"]
[Round "1"]
1.c4 e5
2.Nb1c3 Ng8f6
3.Ng1f3 d6
4.g3 Bf8e7
5.Bf1g2 O-O
6.O-O c6
7.d3 Nb8d7
8.b4 Rf8e8
9.a3 d5
10.cxd5 cxd5
11.Bc1b2 a6
12.e3 e4
13.dxe4 dxe4
14.Nf3g5 Ra8b8
15.Ng5xe4 Nf6xe4
16.Nc3xe4 Nd7f6
17.Qd1xd8 Re8xd8
18.Rf1d1 Nf6xe4
19.Bg2xe4 Bc8e6
20.Rd1d4 b5
21.Ra1d1 Rd8xd4
22.Bb2xd4 Rb8d8
23.Be4b7 Rd8d6
24.Kf1 Be7f6
25.Ke2 Bf6xd4
26.Rd1xd4 Be6c4
27.Kd2 Rd6xd4
28.exd4 Kf8
29.Bb7xa6 Ke7
30.Ke3 Kd6
31.Ke4 Kc6
32.Ke5 f6
33.Ke4 g6
34.Ba6c8 Bc4d5
35.Ke3 f5
36.Kf4 h5
37.h4 Kc7
38.Ke5 Bd5f7
39.Bc8e6 Bf7e8
40.Kf6 Kd6
41.d5 { resign }
1-0

[Event "Match"]
[Site "www.echecsemail.com"]
[Date "2015.07.20"]
[Round "1"]
[White "Generalfree"]
[Black "Paco"]
[WhiteElo "1790"]
[BlackElo "1860"]
[Result "1-0"]
[Round "1"]
1.e4 e5
2.Ng1f3 Nb8c6
3.Bf1c4 Ng8f6
4.Nf3g5 d5
5.exd5 Nf6xd5
6.Ng5xf7 Kxf7
7.Qd1f3 Ke8
8.Bc4xd5 Qd8e7
9.Bd5xc6 Kd8
10.Bc6xb7 Bc8xb7
11.Qf3xb7 Ra8c8
12.Qb7xa7 h5
13.h4 Qe7b4
14.c3 Qb4e4
15.Kf1 Qe4c4
16.Kg1 Bf8c5
17.Qa7a5 Rh8f8
18.d4 exd4
19.Bc1g5 Ke8
20.Nb1d2 Qc4d5
21.Qa5b5 c6
22.Ra1e1 Kf7
23.Qb5b7 Kg8
24.c4 Qd5f5
25.Nd2f3 d3
26.Re1e5 Qf5g4
27.Rh1h3 d2
28.Bg5xd2 Qg4xc4
29.Rh3g3 Qc4f7
30.Qb7xf7 Rf8xf7
31.Re5xc5 Rf7f6
32.Rc5xh5 c5
33.Bd2h6 g6
34.Nf3e5 Rc8e8
35.Ne5xg6 Re8e1
36.Kh2 Rf6xf2
37.Ng6e5 { resign }
1-0

[Event "Match"]
[Site "www.echecsemail.com"]
[Date "2015.07.20"]
[Round "1"]
[White "Omsk"]
[Black "Chapi"]
[WhiteElo "1499"]
[BlackElo "2030"]
[Result "0-1"]
[Round "1"]
1.d4 d5
2.c4 c6
3.Ng1f3 g6
4.e3 Bf8g7
5.Nb1c3 Ng8f6
6.Bf1e2 O-O
7.O-O Bc8f5
8.cxd5 cxd5
9.Qd1b3 b6
10.Nf3e5 Nf6e4
11.f3 Ne4xc3
12.bxc3 { time. }
0-1

[Event "Match"]
[Site "www.echecsemail.com"]
[Date "2015.07.20"]
[Round "1"]
[White "Coraza"]
[Black "Reanna"]
[WhiteElo "1789"]
[BlackElo "1590"]
[Result "1-0"]
[Round "1"]
1.e4 e5
2.Ng1f3 Nb8c6
3.Bf1c4 Bf8e7
4.c3 Ng8f6
5.Qd1b3 d5
6.exd5 Nc6a5
7.Qb3b5 c6
8.dxc6 Na5xc6
9.Qb5b3 O-O
10.Nf3g5 Qd8e8
11.O-O a6
12.d3 Nc6a5
13.Qb3c2 Na5xc4
14.dxc4 b5
15.Nb1d2 g6
16.Rf1e1 Qe8c6
17.cxb5 axb5
18.Re1xe5 Bc8e6
19.b3  { time }
1-0

[Event "Match"]
[Site "www.echecsemail.com"]
[Date "2015.07.20"]
[Round "1"]
[White "Mdesouza"]
[Black "Jafarhayder"]
[WhiteElo "2200"]
[BlackElo "1610"]
[Result "1-0"]
[Round "1"]
1.e4 e6
2.d4 d5
3.Nb1d2 dxe4
4.Nd2xe4 Nb8d7
5.Ng1f3 Ng8f6
6.Ne4xf6 Nd7xf6
7.Bf1d3 b6
8.Qd1e2 Bc8b7
9.O-O Bf8e7
10.c3 O-O
11.Bc1g5 h6
12.Bg5h4 c5
13.Ra1d1 Bb7xf3
14.Qe2xf3 cxd4
15.cxd4 Ra8c8
16.Bd3b1 Qd8c7
17.Qf3d3 g6
18.Rf1e1  { time }
1-0

[Event "Match"]
[Site "www.echecsemail.com"]
[Date "2015.07.20"]
[Round "1"]
[White "Swampcat"]
[Black "Vinvangogh"]
[WhiteElo "1500"]
[BlackElo "1560"]
[Result "1-0"]
[Round "1"]
1.e4 e5
2.Ng1f3 Nb8c6
3.Bf1b5 a6
4.Bb5xc6 bxc6
5.d4 d5
6.Nf3xe5 c5
7.dxc5 dxe4
8.Qd1xd8 Kxd8
9.Bc1f4 Bf8d6
10.cxd6 Ke8
11.dxc7 f6
12.Ne5c4 Ng8e7
13.Nb1c3 Ne7f5
14.O-O-O Rh8f8
15.Rd1d8 Ke7
16.Rh1d1 Kf7
17.Nc3xe4 Bc8e6
18.Nc4d6 Kg8
19.Nd6xf5 Be6xf5
20.Rd8xf8 Kxf8
21.Rd1d8 Ke7
22.Rd8xa8 g5
23.Bf4d6 Kf7
24.Ra8xa6 Ke8
25.Ra6a8 Kf7
26.b4 Bf5d7
27.a4 Ke6
28.b5 Kd5
29.Ne4xf6 Ke6
30.Nf6xd7 Kxd7
31.Ra8d8 Ke6
32.c8Q Kf6
33.g4 Kg6
34.Qc8e6 { resign }
1-0

[Event "Match"]
[Site "www.echecsemail.com"]
[Date "2015.07.20"]
[Round "1"]
[White "Castletyme"]
[Black "Cristiano"]
[WhiteElo "1890"]
[BlackElo "2150"]
[Result "1-0"]
[Round "1"]
1.e4 e5
2.Ng1f3 Nb8c6
3.Bf1b5 a6
4.Bb5xc6 dxc6
5.O-O Bc8g4
6.d3 f5
7.exf5 Bf8d6
8.Bc1g5 { resign }
1-0

[Event "Match"]
[Site "www.echecsemail.com"]
[Date "2015.07.20"]
[Round "1"]
[White "Genius7"]
[Black "Reanna"]
[WhiteElo "1730"]
[BlackElo "1640"]
[Result "1/2-1/2"]
[Round "1"]
1.c4 e5
2.Nb1c3 Ng8f6
3.g3 Nb8c6
4.Bf1g2 Bf8e7
5.d3 O-O
6.Ng1f3 d5
7.cxd5 Nf6xd5
8.O-O Be7f6
9.Nc3xd5 Qd8xd5
10.Nf3g5 Qd5d7
11.Ng5e4 Bf6e7
12.Bc1e3 Nc6d4
13.Be3xd4 exd4
14.a3 c5
15.Ra1c1 Ra8b8
16.Ne4xc5 Be7xc5
17.Rc1xc5 b6
18.Rc5c4 Bc8b7
19.Bg2xb7 Rb8xb7
20.Qd1c2 b5
21.Rc4c5 a6
22.Rf1c1 h6
23.Rc5c7 Rb7xc7
24.Qc2xc7 Qd7g4
25.Qc7c2 h5
26.Qc2d2 h4
27.Rc1c2 g6
28.Qd2f4 Qg4h5
29.Qf4xh4 Qh5e5
30.Qh4g4 Kg7
31.Qg4f3 a5
32.Rc2c6 Rf8h8
33.Rc6a6 b4
34.axb4 axb4
35.Ra6a7 Rh8f8
36.Qf3e4 Qe5c5
37.Ra7d7 Qc5c1
38.Kg2 Qc1xb2
39.Qe4e5 Kg8
40.Rd7xd4 b3
41.Rd4e4 Qb2a3
42.Qe5f6 Qa3a8
43.f3 Qa8a2
44.Re4h4 Qa2xe2
45.Kh3 Qe2e6
46.Qf6xe6 fxe6
47.Rh4b4 Rf8xf3
48.Rb4xb3 Kf7
49.Kg2 Rf3e3
50.Kf2 Re3e5
51.d4 Re5d5
52.Ke3 Kf6
53.Rb3b6 g5
54.h3 Kf5
55.g4 Kf6
56.Ke4 Rd5a5
57.Rb6b3 Ra5a1
58.Rb3f3 Kg6
59.Rf3c3 Kf6
60.Rc3f3 { draw }
1/2-1/2

[Event "Match"]
[Site "www.echecsemail.com"]
[Date "2015.07.20"]
[Round "1"]
[White "F14"]
[Black "Culiflori"]
[WhiteElo "1810"]
[BlackElo "999"]
[Result "0-1"]
[Round "1"]
1.e4 c5
2.Ng1f3 d6
3.d4 cxd4
4.Nf3xd4 Ng8f6
5.Nb1c3 a6
6.Bf1c4 e5
7.Nd4f3 Nb8c6
8.O-O Bc8g4
9.h3 Bg4h5
10.Bc1g5 Bf8e7
11.a3 Nc6d4
12.g4 Nd4xf3
13.Qd1xf3 Bh5g6
14.Rf1e1 Qd8c7
15.Bc4b3 O-O
16.Bg5xf6 Be7xf6
17.Ra1d1 Bf6g5
18.Nc3d5 Qc7d8
19.Rd1d3 Ra8c8
20.Re1d1 Rc8c5
21.Rd3c3 Qd8c8
22.Rc3xc5 Qc8xc5
23.Qf3c3 Rf8c8
24.Qc3xc5 Rc8xc5
25.c4 Bg6xe4
26.Nd5e3 Bg5xe3
27.fxe3 Rc5c6
28.Rd1d2 Rc6b6
29.Bb3c2 Be4xc2
30.Rd2xc2 Rb6b3
31.Kf2 f6
32.Kf3 b6
33.h4 Kf7
{ resign }
0-1

[Event "Match"]
[Site "www.echecsemail.com"]
[Date "2015.07.20"]
[Round "1"]
[White "Alanocturna"]
[Black "Vinvangogh"]
[WhiteElo "1660"]
[BlackElo "1520"]
[Result "0-1"]
[Round "1"]
1.g3 e5
2.Bf1g2 d5
3.Nb1c3 b6
4.e3 Ng8f6
5.Ng1e2 Bf8b4
6.d4 e4
7.O-O Nf6g4
8.Ne2f4 Bb4xc3
9.bxc3 h5
10.h3 h4
11.hxg4 hxg3
12.fxg3 Nb8c6
13.Bg2h3 Nc6e7
14.a4 g5
15.Nf4h5 Qd8d6
16.Qd1e1 f5
17.Nh5g7 Kf7
18.Bc1a3 Qd6h6
19.Ng7xf5 Ne7xf5
20.gxf5 Qh6xh3
21.Qe1e2 Qh3h1
 { time }
0-1

[Event "Match"]
[Site "www.echecsemail.com"]
[Date "2015.07.20"]
[Round "1"]
[White "Chtoubidou"]
[Black "Jafarhayder"]
[WhiteElo "1890"]
[BlackElo "1650"]
[Result "1-0"]
[Round "1"]
1.e4 e6
2.Qd1e2 e5
3.f4 d6
4.d3 Nb8c6
5.Ng1f3 Bc8g4
6.c3 Ng8f6
7.Bc1e3 Bf8e7
8.Nb1d2 d5
9.fxe5  { time }
1-0

[Event "Match"]
[Site "www.echecsemail.com"]
[Date "2015.07.20"]
[Round "1"]
[White "Calponas"]
[Black "F14"]
[WhiteElo "2010"]
[BlackElo "1870"]
[Result "0-1"]
[Round "1"]
1.d4 Ng8f6
2.c4 g6
3.Nb1c3 d5
4.Ng1f3 Bf8g7
5.Qd1b3 dxc4
6.Qb3xc4 O-O
7.e4 c6
8.Bf1d3 Bc8e6
9.Qc4a4 Nb8d7
10.O-O Nd7b6
11.Qa4c2 Ra8c8
12.h3 Nf6h5
13.Bc1e3 Nh5f6
14.Rf1d1 Qd8c7
15.Ra1c1 Rf8d8
16.Qc2e2 Qc7b8
17.b3 Rd8e8
18.Bd3b1 a6
19.d5 Nb6xd5
20.exd5 cxd5
21.Nf3d4 Be6d7
22.Qe2f3 e5
23.Nd4e2 d4
24.Ne2xd4 exd4
25.Be3xd4 Nf6h5
26.Bd4xg7 Bd7c6
27.Nc3d5 Bc6xd5
28.Qf3xd5 Nh5xg7
29.Rc1xc8 Re8xc8
30.Bb1e4 b5
31.Qd5d7 h5
32.Be4d5 Rc8f8
33.Bd5f3 b4
34.Bf3e2 a5
35.Be2c4 Qb8e5
36.Rd1d5 Qe5e1
37.Kh2 Qe1xf2
38.Rd5xa5 Rf8e8
39.Ra5a7 Qf2f4
40.Kg1 Re8e1
{ resign }
0-1

[Event "Match"]
[Site "www.echecsemail.com"]
[Date "2015.07.20"]
[Round "1"]
[White "Irene"]
[Black "F14"]
[WhiteElo "2010"]
[BlackElo "1870"]
[Result "1-0"]
[Round "1"]
1.d4 Ng8f6
2.Nb1c3 d5
3.g3 g6
4.Bf1g2 Bf8g7
5.e3 O-O
6.Ng1f3 c6
7.O-O Bc8g4
8.b3 Nb8d7
9.Bc1a3 Rf8e8
10.h3 Bg4xf3
11.Qd1xf3 Ra8c8
12.h4 e5
13.dxe5 Nd7xe5
14.Qf3f4 Nf6h5
15.Qf4a4 a6
16.Ba3b2 Bg7f8
17.f4 Ne5g4
18.Nc3d1 Nh5xg3
19.Bg2h3 Ng3xf1
20.Bh3xg4 Rc8c7
21.Kxf1 Bf8g7
22.Bb2xg7 Kxg7
23.Qa4d4 Kg8
24.Nd1f2 c5
25.Qd4d2 Qd8xh4
26.Qd2xd5 Rc7e7
27.Ra1e1 Re7xe3
28.Re1xe3 Re8xe3
29.Qd5xc5 Re3e8
30.Qc5c7 Re8e7
31.Qc7d8 Kg7
32.Bg4c8 { resign }
1-0

[Event "Match"]
[Site "www.echecsemail.com"]
[Date "2015.07.20"]
[Round "1"]
[White "Wrightdjohn"]
[Black "Bobsax"]
[WhiteElo "2169"]
[BlackElo "1399"]
[Result "0-1"]
[Round "1"]
1.e4 c5
2.Ng1f3 d6
3.d4 cxd4
4.Nf3xd4 a6
5.Nb1c3 Ng8f6
6.Bc1e3 e5
7.Nd4b3 Bc8e6
8.f3 Nb8c6
9.Qd1d2 d5
10.exd5 Nf6xd5
11.Nc3xd5 Be6xd5
12.O-O-O Bd5xb3
13.axb3 Qd8xd2
14.Rd1xd2 Bf8e7
15.Bf1d3 O-O
16.h4 Ra8c8
17.g4 g6
18.c3 Rf8d8
19.g5 Nc6d4
20.Be3xd4 exd4
21.c4 Rc8c7
22.f4 Be7d6
23.Rd2f2 Rd8e8
24.h5 Re8e3
25.Kd2 b5
26.hxg6 fxg6
27.cxb5 axb5
28.Rh1e1 Bd6b4
{ resign }
0-1

[Event "Match"]
[Site "www.echecsemail.com"]
[Date "2015.07.20"]
[Round "1"]
[White "Vinvangogh"]
[Black "Chessexpert"]
[WhiteElo "1520"]
[BlackElo "1690"]
[Result "1-0"]
[Round "1"]
1.Ng1f3 d5
2.b4 Ng8f6
3.Nf3e5 e6
4.Bc1a3 Bf8d6
5.Ne5xf7 Kxf7
6.e3 Rh8f8
7.Bf1d3 Kg8
8.Ba3b2 e5
9.O-O e4
10.Bd3b5 c6
11.Bb5a4 Qd8c7
12.Bb2xf6 Rf8xf6
13.f3 exf3
14.Rf1xf3 Rf6xf3
15.Qd1xf3 Bd6xh2
16.Kh1 Bc8e6
17.Nb1c3 Nb8d7
18.e4 Ra8f8
19.Qf3h5 Bh2e5
{ time. }
1-0

[Event "Match"]
[Site "www.echecsemail.com"]
[Date "2015.07.20"]
[Round "1"]
[White "Generalfree"]
[Black "Wildtiger"]
[WhiteElo "1850"]
[BlackElo "1620"]
[Result "1-0"]
[Round "1"]
1.e4 Nb8c6
2.Ng1f3 d5
3.e5 Bc8g4
4.Bf1b5 g6
5.h3 Bg4d7
6.Qd1e2 e6
7.d4 a6
8.Bb5xc6 Bd7xc6
9.a4 Bf8b4
10.c3 Bb4e7
11.b4 Qd8d7
12.Nb1d2 f6
13.Nd2b3 O-O-O
14.b5 axb5
15.axb5 Kb8
16.bxc6 Qd7xc6
17.Bc1d2 fxe5
18.Nf3xe5 Qc6e8
19.Qe2g4 Be7d6
20.Bd2f4 Ng8f6
21.Qg4g5 Bd6e7
22.O-O Nf6e4
23.Qg5g4 Ne4xc3
24.Rf1c1 Rh8g8
25.Rc1xc3 Rg8f8
26.Bf4h6 Rf8f5
27.Nb3c5 Be7xc5
28.Rc3xc5 Rf5h5
29.Rc5a5 c6
30.Bh6f4 Rh5xe5
31.Bf4xe5 Kc8
32.Be5f6 Kd7
33.Bf6xd8 Qe8xd8
34.Ra5a8 Qd8f6
35.Ra1a7 c5
36.Ra7xb7 Kc6
37.Rb7xh7 c4
38.Qg4d1 { resign }
1-0

[Event "Match"]
[Site "www.echecsemail.com"]
[Date "2015.07.20"]
[Round "1"]
[White "Ztornad"]
[Black "Jjmcbride"]
[WhiteElo "1740"]
[BlackElo "1770"]
[Result "0-1"]
[Round "1"]
1.e4 e5
2.Ng1f3 f6
3.Bf1c4 Ng8e7
4.d4 d6
5.d5 c6
6.dxc6 bxc6
7.Nf3h4 d5
8.exd5 cxd5
9.Bc4b5 Bc8d7
10.Bb5xd7 Qd8xd7
11.h3 d4
12.Qd1f3 Nb8c6
13.b3 Qd7e6
14.O-O g5
15.Qf3h5 Qe6f7
16.Qh5xf7 Kxf7
17.Nh4f3 Ne7d5
18.Bc1d2 Bf8c5
19.c4 Nd5f4
20.Bd2xf4 gxf4
21.Nb1d2 f5
22.a3 h6
23.b4 Bc5e7
24.b5 Nc6a5
25.Rf1e1 Be7f6
26.Nf3xe5 Bf6xe5
27.Re1xe5 Kf6
28.Re5d5 Rh8d8
29.Ra1e1 Rd8e8
30.Re1b1 Ra8d8
31.Rd5c5 Rd8c8
32.Rc5xc8 Re8xc8
33.Rb1c1 Rc8e8
34.Nd2f3 Na5b3
35.Rc1d1 Re8d8
36.g4 d3
37.gxf5 Kxf5
38.Nf3e1 Ke4
39.Kh2 d2
40.Ne1c2 Kd3
41.Nc2b4 Ke2
42.Rd1b1 d1Q
43.Rb1xd1 Rd8xd1
44.Nb4c6 Kxf2
45.Nc6xa7 Nb3d4
46.h4 h5
47.b6 Nd4f3
48.Kh3 Rd1h1

0-1

[Event "Match"]
[Site "www.echecsemail.com"]
[Date "2015.07.20"]
[Round "1"]
[White "Vinvangogh"]
[Black "Fangshuo"]
[WhiteElo "1550"]
[BlackElo "2000"]
[Result "0-1"]
[Round "1"]
1.e4 e6
2.Nb1c3 d5
3.d4 c5
4.Bc1e3 Nb8c6
5.Bf1b5 Bc8d7
6.dxc5 Qd8a5
7.Ng1e2 a6
8.Bb5xc6 Bd7xc6
9.exd5 O-O-O
10.b4 Qa5xb4
11.a3 Qb4g4
12.g3 Qg4h3
13.Ne2f4 Qh3f5
14.g4 Qf5e5
15.O-O Qe5xc3
16.Be3d4 Qc3c4
17.Qd1d3 Bc6xd5
18.Ra1b1 Qc4xd3
19.cxd3 Bd5c6
20.Rf1c1 Rd8xd4
21.Nf4e2 Rd4xg4
22.Kf1 Ng8f6
23.Ne2d4 Rg4xd4
24.Ke2 Bc6b5
25.c6 Bb5xc6
26.Ke3 e5
27.Rb1b6 Nf6d5
28.Ke2 Nd5xb6
29.Rc1c5 Bf8xc5
{ resign }
0-1

[Event "Match"]
[Site "www.echecsemail.com"]
[Date "2015.07.20"]
[Round "1"]
[White "Paco"]
[Black "Pinehill"]
[WhiteElo "1820"]
[BlackElo "1810"]
[Result "0-1"]
[Round "1"]
1.e4 d5
2.e5 c5
3.Qd1f3 Nb8c6
4.Bf1b5 e6
5.d3 Qd8a5
6.Nb1c3 Bc8d7
7.Bb5xc6 Bd7xc6
8.Bc1d2 Qa5c7
9.Qf3g3 Ng8e7
10.Ng1f3 Ne7f5
11.Qg3g4 Nf5d4
12.O-O-O g6
13.Qg4h4 Bf8g7
14.Nf3xd4 cxd4
15.Qh4xd4 Bg7xe5
16.Qd4h4 Qc7e7
17.Qh4xe7 Kxe7
18.Rd1e1 Be5g7
19.h4 h5
20.b3 Rh8c8
21.f3 Bc6d7
22.g4 Bg7xc3
23.Bd2xc3 Rc8xc3
24.gxh5 gxh5
25.Re1e5 f5
26.Rh1g1 Ra8c8
27.Rg1g2 Rc3xd3
28.f4 Rd3f3
29.Rg2g7 Kd6
30.Rg7g5 Rf3xf4
31.Re5e2 Rf4xh4
{ resign }
0-1

[Event "Match"]
[Site "www.echecsemail.com"]
[Date "2015.07.20"]
[Round "1"]
[White "Conde7"]
[Black "Fanny33"]
[WhiteElo "2850"]
[BlackElo "2770"]
[Result "1/2-1/2"]
[Round "1"]
1.e4 c5
2.Ng1f3 d6
3.Bf1b5 Nb8d7
4.d4 Ng8f6
5.O-O cxd4
6.Qd1xd4 e5
7.Qd4d3 h6
8.c4 Bf8e7
9.Nb1c3 O-O
10.Bc1e3 a6
11.Bb5a4 Nf6g4
12.Ra1d1 Ng4xe3
13.Qd3xe3 Nd7c5
14.Ba4c2 Bc8g4
15.h3 Bg4xf3
16.Qe3xf3 Nc5e6
17.Nc3d5 Ra8c8
18.b3 Rf8e8
19.Bc2d3 Ne6d4
20.Qf3g4 Be7f6
21.g3 Re8e6
22.f4 Nd4c6
23.Kh1 Rc8b8
24.c5 exf4
25.Nd5xf4 Re6e8
26.cxd6 Qd8xd6
27.Bd3xa6 Bf6d4
28.Ba6c4 Nc6e5
29.Qg4e2 Ne5xc4
30.Qe2xc4 Re8xe4
31.Nf4e2 b5
32.Qc4xf7 Kh8
33.Ne2xd4 Re4xd4
34.Rd1xd4 Qd6xd4
35.Qf7f4 Qd4b6
36.Kg2 b4
37.Rf1e1 Qb6c6
38.Qf4e4 Qc6c3
39.Re1e3 Qc3a1
40.Re3e2 Rb8f8
41.Kh2 Qa1f1
42.Qe4c2 { draw }
1/2-1/2

[Event "Match"]
[Site "www.echecsemail.com"]
[Date "2015.07.20"]
[Round "1"]
[White "Sorren"]
[Black "Generalfree"]
[WhiteElo "1910"]
[BlackElo "1740"]
[Result "0-1"]
[Round "1"]
1.e4 e5
2.Ng1f3 d6
3.d4 Bc8g4
4.dxe5 Bg4xf3
5.Qd1xf3 dxe5
6.Bf1c4 Qd8d7
7.O-O Ng8f6
8.Qf3b3 b6
9.Bc4a6 Nb8xa6
10.Nb1c3 Na6c5
11.Qb3c4 c6
12.Bc1g5 b5
13.Qc4e2 Bf8e7
14.Ra1d1 Qd7e6
15.Qe2e3 b4
16.Bg5xf6 bxc3
17.Bf6xe7 Qe6xe7
18.Qe3xc3 O-O
19.Rf1e1 Ra8d8
 { time }
0-1

[Event "Match"]
[Site "www.echecsemail.com"]
[Date "2015.07.20"]
[Round "1"]
[White "Supernovae"]
[Black "Fangshuo3"]
[WhiteElo "1970"]
[BlackElo "1799"]
[Result "0-1"]
[Round "1"]
1.c4 e6
2.Nb1c3 c5
3.Ng1f3 Ng8f6
4.g3 d5
5.e3 Nb8c6
6.Bf1g2 dxc4
7.O-O Bf8e7
8.Qd1a4 a6
9.Qa4xc4 b5
10.Qc4e2 O-O
 { time }
0-1

[Event "Match"]
[Site "www.echecsemail.com"]
[Date "2015.07.20"]
[Round "1"]
[White "Kesalon"]
[Black "Drdoom"]
[WhiteElo "1970"]
[BlackElo "1660"]
[Result "1-0"]
[Round "1"]
1.e4 e5
2.Ng1f3 Nb8c6
3.Bf1c4 h6
4.d4 exd4
5.Nf3xd4 Nc6xd4
6.Qd1xd4 d6
7.Nb1c3 c5
8.Qd4d5 Bc8e6
9.Bc4b5 Be6d7
10.Qd5xb7 Ng8f6
11.Bb5xd7 Nf6xd7
12.Nc3d5 Ra8c8
13.Qb7xa7 Bf8e7
14.Bc1f4 Rc8a8
15.Nd5c7 { resign }
1-0